000 00406nam a2200157Ia 4500
003 Ost
005 20260225132557.0
008 260225s9999||||xx |||||||||||||| ||und||
040 _cfsic
041 _afre
082 _a302.23
100 _aLott H.Eisner
_eAuteur
245 0 _aL'Ecran démoniaque :
245 0 _bles influence de Max Feinhardt et de l'expressionnisme /
_cLott H.Eisner
942 _cكتاب
999 _c34497
_d34497